Wyse-Wickliffe-Phillips family papers, (Record no. 43185)

MARC details
000 -LEADER
fixed length control field 01238cpcaa2200313 4500
001 - CONTROL NUMBER
control field mm 81046789
003 - CONTROL NUMBER IDENTIFIER
control field DLC
005 - DATE AND TIME OF LATEST TRANSACTION
control field 20260227111709.0
008 - FIXED-LENGTH DATA ELEMENTS--GENERAL INFORMATION
fixed length control field 811028|||||||||||| eng
010 ## - LIBRARY OF CONGRESS CONTROL NUMBER
LC control number mm 81046789
040 ## - CATALOGING SOURCE
Original cataloging agency DLC
Transcribing agency DLC
Description conventions dacs
Modifying agency DLC
072 #7 - SUBJECT CATEGORY CODE
Subject category code N
Source lcmd
245 00 - TITLE STATEMENT
Title Wyse-Wickliffe-Phillips family papers,
Inclusive dates 1810-1894.
300 ## - PHYSICAL DESCRIPTION
Extent 250
Type of unit items.
300 ## - PHYSICAL DESCRIPTION
Extent 1
Type of unit container.
506 0# - RESTRICTIONS ON ACCESS NOTE
Terms governing access Open to research.
520 8# - SUMMARY, ETC.
Summary, etc. Correspondence, journal, and other papers of Eugenia Levy Phillips (Mrs. Philip Phillips), C. A. Wickliffe, and Lt. Francis O. Wyse, and John M. Wyse, of Pikesville, Md.
546 ## - LANGUAGE NOTE
Language note Collection material in English.
600 30 - SUBJECT ADDED ENTRY--PERSONAL NAME
Personal name Phillips family.
600 30 - SUBJECT ADDED ENTRY--PERSONAL NAME
Personal name Wickliffe family.
600 30 - SUBJECT ADDED ENTRY--PERSONAL NAME
Personal name Wise family.
651 #0 - SUBJECT ADDED ENTRY--GEOGRAPHIC NAME
Geographic name Maryland
General subdivision Social life and customs.
700 1# - ADDED ENTRY--PERSONAL NAME
Personal name Wyse, Francis O.
Title of a work Francis O. Wyse papers.
700 1# - ADDED ENTRY--PERSONAL NAME
Personal name Wickliffe, C. A.
Fuller form of name (Charles Anderson),
Dates associated with a name 1788-1869.
Title of a work C.A. Wickliffe papers.
700 1# - ADDED ENTRY--PERSONAL NAME
Personal name Wyse, John M.
Title of a work John M. Wyse papers.
700 1# - ADDED ENTRY--PERSONAL NAME
Personal name Phillips, Eugenia Levy.
Title of a work Eugenia Levy Phillips papers.

No items available.

Powered by Koha